00277pab a2200121 454500008004000000100001800040245003700058260000900095300001200104362001100116650001700127773001100144180718b2001 xxu||||| |||| 00| 0 eng d aHaragopal, G. aHuman rights in the 21st century c2001 ap.13-14 a22 Jul aHuman rights aJanata